000 00303nam a2200121Ia 4500
008 220204s9999 xx 000 0 und d
082 _a581.4
_bSIN
100 _aSINNOT, Edmund W
245 0 _aPlant morphogenesis
260 _aNew York
_bMcgraw Hill
_c1960
650 _aPlant morphogenesis
942 _cBK
999 _c20974
_d20974